[Event "October TNT"]
[Site "Winnipeg CAN"]
[Date "2010.10.24"]
[Round "1"]
[White "Swift, Ryne"]
[Black "Kernetsky, Myron"]
[Result "0-1"]
[WhiteElo "1815"]
[BlackElo "2006"]
[PlyCount "120"]
[EventDate "2010.10.05"]
[EventType "swiss"]
[EventRounds "4"]
[EventCountry "CAN"]

1. e4 e6 2. d4 d5 3. Nd2 Nf6 4. exd5 exd5 5. Ngf3 Bd6 6. Be2 Bf5 7. O-O O-O 8.
Nb3 Nbd7 9. Bg5 h6 10. Bh4 c6 11. Bg3 Qc7 12. Bd3 Bg4 13. Re1 Rfe8 14. Qd2 Ne4
15. Qc1 Bxf3 16. gxf3 Ng5 17. Kg2 Nf6 18. Rxe8+ Rxe8 19. Qd2 Nh5 20. Re1 Re7
21. Rxe7 Qxe7 22. Qe3 Ne6 23. Kf1 Bf4 24. Bxf4 Nhxf4 25. Bf5 Qg5 26. Bxe6 fxe6
27. Nc5 Qg2+ 28. Ke1 Qxh2 29. Kd2 Kf7 30. Nxb7 Nh3 31. Nd8+ Ke8 32. Nxe6 Nxf2
33. Nxg7+ Kf7 34. Nf5 Ng4+ 35. Qe2 Qf4+ 36. Ne3 Qxd4+ 37. Qd3 Qxd3+ 38. cxd3
Ne5 39. f4 Ng6 40. f5 Ne7 41. Ng4 Nxf5 42. Ne5+ Kf6 43. Nxc6 h5 44. Ke2 Kg5 45.
Ne5 Kf4 46. Ng6+ Kg3 47. b4 h4 48. Nxh4 Kxh4 49. a4 Kg5 50. b5 Kf6 51. Kd1 Nd4
52. Kd2 Ke5 53. Kc3 Ne6 54. a5 Kd6 55. Kb4 Kc7 56. Kc3 Kd6 57. Kb4 Nd8 58. a6
Ne6 59. b6 axb6 60. a7 Nc7 0-1

[Event "October TNT"]
[Site "Winnipeg CAN"]
[Date "2010.10.12"]
[Round "2"]
[White "Goodman, Clifford"]
[Black "Li, Henry"]
[Result "1-0"]
[WhiteElo "1654"]
[BlackElo "1437"]
[PlyCount "93"]
[EventDate "2010.10.05"]
[EventType "swiss"]
[EventRounds "4"]
[EventCountry "CAN"]

1. c4 Nf6 2. d4 g6 3. Nc3 d5 4. Qb3 e6 5. Bf4 c6 6. e3 Bg7 7. cxd5 Nxd5 8. Nxd5
cxd5 9. Bb5+ Nc6 10. Bxc6+ bxc6 11. Rc1 Bd7 12. Bd6 Qg5 13. Qb7 Rc8 14. Kf1
Bxd4 15. Nf3 Qf6 16. exd4 Qd8 17. Ne5 f6 18. Nxd7 Qxd7 19. Qxd7+ Kxd7 20. Bg3
h5 21. Ke2 g5 22. h4 g4 23. Rc5 Rhf8 24. Rhc1 f5 25. Be5 f4 26. R1c3 Rf5 27.
Rb3 Rf7 28. Rb7+ Ke8 29. Rxf7 Kxf7 30. Bxf4 Kf6 31. Be5+ Kf5 32. Ke3 a6 33. b4
Kg6 34. a4 Kf5 35. b5 axb5 36. axb5 Kg6 37. b6 Kf7 38. b7 Re8 39. b8=Q Rxb8 40.
Bxb8 Kf6 41. Rxc6 Kf5 42. Rc8 Kf6 43. Rc7 Kg6 44. Re7 Kf6 45. Re8 Kg6 46. Rh8
g3 47. fxg3 1-0

[Event "October TNT"]
[Site "Winnipeg CAN"]
[Date "2010.10.05"]
[Round "2"]
[White "Kaptsan, Aron"]
[Black "Magnusson, Saul"]
[Result "1-0"]
[WhiteElo "2039"]
[BlackElo "1803"]
[PlyCount "67"]
[EventDate "2010.10.05"]
[EventType "swiss"]
[EventRounds "4"]
[EventCountry "CAN"]

1. d4 e6 2. c4 Bb4+ 3. Nc3 b6 4. a3 Bxc3+ 5. bxc3 Nf6 6. f3 h6 7. e4 Nc6 8. Bd3
e5 9. Ne2 Ba6 10. O-O O-O 11. f4 exd4 12. cxd4 Na5 13. Qc2 Qe7 14. e5 Ne8 15.
Ng3 d6 16. Nf5 Qd7 17. d5 Nb7 18. Bb2 Nc5 19. Nd4 Nxd3 20. Qxd3 Qa4 21. Rac1 c5
22. dxc6 dxe5 23. fxe5 Rd8 24. e6 Nd6 25. e7 Nxc4 26. exf8=Q+ Rxf8 27. Ba1 Ne5
28. Qe4 Bxf1 29. Qxe5 Bxg2 30. Kxg2 Rd8 31. c7 Rxd4 32. c8=Q+ Kh7 33. Qef5+ g6
34. Qxf7# 1-0

[Event "October TNT"]
[Site "Winnipeg CAN"]
[Date "2010.10.12"]
[Round "2"]
[White "Lauritson, James"]
[Black "Melamedoff, Gustavo"]
[Result "1-0"]
[WhiteElo "1965"]
[BlackElo "2055"]
[PlyCount "117"]
[EventDate "2010.10.05"]
[EventType "swiss"]
[EventRounds "4"]
[EventCountry "CAN"]

1. d4 Nf6 2. c4 g6 3. Nc3 d5 4. Bg5 Ne4 5. Bh4 Nxc3 6. bxc3 Bg7 7. e3 O-O 8.
Nf3 c5 9. cxd5 cxd4 10. cxd4 Bg4 11. Be2 Qxd5 12. Bxe7 Re8 13. Bh4 Qa5+ 14. Qd2
Qxd2+ 15. Kxd2 Nc6 16. h3 Be6 17. Rhd1 Rac8 18. Bb5 Bd5 19. Bxc6 Rxc6 20. Rdc1
Ra6 21. Rc7 Bf8 22. Bg3 Bb4+ 23. Kc2 Ba5 24. Rc5 Be4+ 25. Kb2 Rb6+ 26. Kc1 Bb4
27. Rc7 Ba3+ 28. Kd2 Rb2+ 29. Kc3 b5 30. Ng5 b4+ 31. Kc4 Rc2+ 32. Kb5 Rb8+ 33.
Ka5 Rxc7 34. Bxc7 Rc8 35. Nxe4 Rxc7 36. Nc5 Bb2 37. Rb1 Bc3 38. Ka4 f5 39. Kb3
f4 40. Ne6 Rc6 41. Nxf4 Ra6 42. a4 Rf6 43. f3 Bd2 44. Nd5 Rf7 45. Rd1 Bc3 46.
Nxc3 bxc3 47. Kxc3 Rb7 48. d5 Kf7 49. e4 Ke7 50. Rd2 a5 51. Rb2 Rc7+ 52. Kd4
Rc1 53. Rb7+ Kd8 54. Ke5 Rc4 55. Ke6 Rxa4 56. d6 Rc4 57. Rxh7 Kc8 58. Rh8+ Kb7
59. d7 1-0

[Event "October TNT"]
[Site "Winnipeg CAN"]
[Date "2010.10.12"]
[Round "2"]
[White "Swift, Ryne"]
[Black "Mundwiler, Les"]
[Result "0-1"]
[WhiteElo "1822"]
[BlackElo "2027"]
[PlyCount "98"]
[EventDate "2010.10.05"]
[EventType "swiss"]
[EventRounds "4"]
[EventCountry "CAN"]

1. e4 e5 2. Nf3 Nc6 3. d4 exd4 4. Nxd4 Bc5 5. Nb3 Bb4+ 6. Nc3 Qe7 7. Bd3 Bxc3+
8. bxc3 Nf6 9. O-O d6 10. f3 h6 11. Be3 O-O 12. Re1 Ne5 13. Qe2 c5 14. c4 Be6
15. h3 b5 16. Nd2 Rfc8 17. c3 b4 18. cxb4 cxb4 19. f4 Nc6 20. Rac1 a5 21. Bf2
a4 22. Bh4 Qa7+ 23. Bf2 Qa5 24. Qe3 Rab8 25. Rb1 Re8 26. Bh4 Nd7 27. Qg3 f5 28.
Kh1 b3 29. Nxb3 axb3 30. axb3 Nb4 31. Ra1 Qc5 32. Bb1 fxe4 33. Bxe4 Bf5 34.
Bxf5 Qxf5 35. Rxe8+ Rxe8 36. Ra7 Nc6 37. Rc7 Nd4 38. b4 Ne2 39. Qf2 Nf6 40. Qa7
Qb1+ 41. Kh2 Nh5 42. g4 Nexf4 43. gxh5 Re2+ 44. Bf2 Qb2 45. Kg3 Nxh5+ 46. Kf3
Re8 47. Re7 Qf6+ 48. Kg4 Qf4+ 49. Kxh5 Qg5# 0-1

[Event "October TNT"]
[Site "Winnipeg CAN"]
[Date "2010.10.05"]
[Round "2"]
[White "Wasserman, Arie"]
[Black "Milward, David"]
[Result "1-0"]
[WhiteElo "1742"]
[BlackElo "1748"]
[PlyCount "61"]
[EventDate "2010.10.05"]
[EventType "swiss"]
[EventRounds "4"]
[EventCountry "CAN"]

1. e4 c5 2. Nf3 d6 3. c3 Bg4 4. h3 Bh5 5. Be2 Nf6 6. Qb3 Qc7 7. d3 e6 8. Bf4
Be7 9. e5 Nfd7 10. exd6 Bxd6 11. Bxd6 Qxd6 12. Qxb7 Nb6 13. Na3 O-O 14. Nb5
Bxf3 15. Nxd6 Bxb7 16. Nxb7 Nc6 17. Bf3 Rac8 18. Nd6 Rcd8 19. Nb7 Rc8 20. Nxc5
Ne5 21. d4 Nxf3+ 22. gxf3 e5 23. Nb3 Nc4 24. O-O-O Rfe8 25. Rhe1 Re6 26. dxe5
Nxe5 27. Re3 Kf8 28. f4 Nc4 29. Rxe6 fxe6 30. Rd7 Ra8 31. Nd4 1-0

[Event "October TNT"]
[Site "Winnipeg CAN"]
[Date "2010.10.05"]
[Round "2"]
[White "Wolchock, Theo"]
[Black "Milord, Frank"]
[Result "1-0"]
[WhiteElo "1294"]
[BlackElo "1699"]
[PlyCount "51"]
[EventDate "2010.10.05"]
[EventType "swiss"]
[EventRounds "4"]
[EventCountry "CAN"]

1. e4 d6 2. Nf3 c5 3. Nc3 Nc6 4. Bc4 Nf6 5. O-O Nxe4 6. Nxe4 d5 7. Bxd5 Qxd5 8.
Re1 c4 9. d3 cxd3 10. Bh6 Bg4 11. cxd3 e6 12. Bf4 Bb4 13. Re3 Nd4 14. Qa4+ Qb5
15. Qxb5+ Nxb5 16. a3 Be7 17. Ne5 Bf5 18. Rc1 Bxe4 19. Rxe4 Nd6 20. Rd4 f6 21.
Nf3 e5 22. Nxe5 fxe5 23. Bxe5 Nf7 24. Bxg7 Rg8 25. Rg4 Bf6 26. Re4+ 1-0

[Event "October TNT"]
[Site "Winnipeg CAN"]
[Date "2010.10.19"]
[Round "3"]
[White "Afolabi, Damola"]
[Black "Greenberg, Harley"]
[Result "0-1"]
[WhiteElo "1363"]
[BlackElo "1742"]
[PlyCount "48"]
[EventDate "2010.10.05"]
[EventType "swiss"]
[EventRounds "4"]
[EventCountry "CAN"]

1. e4 c5 2. f4 Nc6 3. Nf3 e6 4. Bb5 Nd4 5. Nxd4 cxd4 6. O-O a6 7. Be2 b5 8. d3
Bb7 9. b3 Bc5 10. Bb2 Ne7 11. Nd2 O-O 12. Nf3 Rc8 13. Kh1 f5 14. e5 Nd5 15. Qd2
Bb4 16. Qc1 Ne3 17. Nxd4 Bxg2+ 18. Kg1 Bxf1 19. Bxf1 Nxf1 20. Qxf1 Bc3 21. Bxc3
Rxc3 22. Qf2 Qb6 23. Kf1 Rfc8 24. Ke2 Rxc2+ 0-1

[Event "October TNT"]
[Site "Winnipeg CAN"]
[Date "2010.10.19"]
[Round "3"]
[White "Czypinski, Jaroslaw"]
[Black "Wasserman, Arie"]
[Result "1-0"]
[WhiteElo "1922"]
[BlackElo "1742"]
[PlyCount "65"]
[EventDate "2010.10.05"]
[EventType "swiss"]
[EventRounds "4"]
[EventCountry "CAN"]

1. e4 e5 2. Nf3 Nc6 3. Bb5 Bc5 4. O-O Nd4 5. Bc4 d6 6. c3 Nxf3+ 7. Qxf3 Qf6 8.
Qg3 Qg6 9. a4 Qxg3 10. hxg3 a5 11. Na3 Nf6 12. d3 c6 13. Nc2 d5 14. exd5 cxd5
15. Bb5+ Bd7 16. Bxd7+ Nxd7 17. Re1 Bb6 18. Be3 f6 19. f3 Kf7 20. Bxb6 Nxb6 21.
Na3 Nxa4 22. Re2 Nc5 23. Rd1 Rhe8 24. Kf2 Rac8 25. Nb5 Rc6 26. d4 exd4 27. Rxe8
Kxe8 28. Rxd4 Rb6 29. Nc7+ Kd7 30. Nxd5 Rxb2+ 31. Ke3 Ke6 32. Nf4+ Ke5 33. Rd5#
1-0

[Event "October TNT"]
[Site "Winnipeg CAN"]
[Date "2010.10.05"]
[Round "3"]
[White "Goodman, Clifford"]
[Black "Swift, Ryne"]
[Result "0-1"]
[WhiteElo "1654"]
[BlackElo "1822"]
[PlyCount "74"]
[EventDate "2010.10.05"]
[EventType "swiss"]
[EventRounds "4"]
[EventCountry "CAN"]

1. c4 c5 2. Nc3 Nf6 3. Nf3 Nc6 4. d4 cxd4 5. Nxd4 e6 6. a3 Be7 7. e4 O-O 8. Be2
d6 9. Nb3 a6 10. Be3 Bd7 11. g4 Ne8 12. Qd2 Rb8 13. a4 Na5 14. Nxa5 Qxa5 15.
Nd1 Qxd2+ 16. Bxd2 Bc6 17. Bf3 f5 18. gxf5 exf5 19. Nc3 Bf6 20. Nd5 Bxd5 21.
exd5 Bxb2 22. Rb1 Bd4 23. Rg1 g6 24. h4 Kf7 25. h5 Nf6 26. hxg6+ hxg6 27. Bf4
Rfe8+ 28. Kf1 Bc5 29. Bg5 Ne4 30. Bxe4 Rxe4 31. Rh1 Kg7 32. Rh4 Rxh4 33. Bxh4
b6 34. a5 Rh8 35. axb6 Rxh4 36. Rb2 Rh8 37. b7 Rb8 0-1

[Event "October TNT"]
[Site "Winnipeg CAN"]
[Date "2010.10.19"]
[Round "3"]
[White "Kaptsan, Aron"]
[Black "Lauritson, James"]
[Result "1-0"]
[WhiteElo "2039"]
[BlackElo "1965"]
[PlyCount "85"]
[EventDate "2010.10.05"]
[EventType "swiss"]
[EventRounds "4"]
[EventCountry "CAN"]

1. d4 d5 2. c4 dxc4 3. e3 a6 4. Bxc4 e6 5. Nf3 b5 6. Be2 Bb7 7. O-O Nf6 8. Ne5
Be7 9. Bf3 Qc8 10. a4 b4 11. Nd2 O-O 12. Nb3 a5 13. Bd2 Nfd7 14. Bxb7 Qxb7 15.
Nc4 Qd5 16. Qc2 Nb6 17. Nxb6 cxb6 18. Rfc1 Ra7 19. e4 Qd7 20. Be3 Rb7 21. Qc4
Bd8 22. Bf4 Bf6 23. Bxb8 Rbxb8 24. Qc6 Qxc6 25. Rxc6 Rfc8 26. Rac1 Rxc6 27.
Rxc6 Kf8 28. Kf1 Ke8 29. Ke2 Kd7 30. Rc4 Rc8 31. Kd3 Rxc4 32. Kxc4 Kc6 33. d5+
exd5+ 34. exd5+ Kd6 35. Nd4 Kd7 36. b3 h6 37. Nf5 Bg5 38. Nxg7 Bh4 39. g3 Bf6
40. Nf5 h5 41. Kb5 Bd8 42. h4 Bc7 43. Ng7 1-0

[Event "October TNT"]
[Site "Winnipeg CAN"]
[Date "2010.10.19"]
[Round "3"]
[White "Kernetsky, Myron"]
[Black "Magnusson, Saul"]
[Result "1-0"]
[WhiteElo "1980"]
[BlackElo "1803"]
[PlyCount "65"]
[EventDate "2010.10.05"]
[EventType "swiss"]
[EventRounds "4"]
[EventCountry "CAN"]

1. d4 d5 2. c4 e6 3. Nc3 Be7 4. cxd5 exd5 5. Bf4 c6 6. Qc2 Nd7 7. e3 Nf8 8. Bd3
Bg4 9. Nge2 Bh5 10. O-O Nf6 11. f3 Ne6 12. Bg3 O-O 13. Rad1 Re8 14. Qd2 Bf8 15.
Kh1 Bg6 16. Rfe1 Bxd3 17. Qxd3 Nh5 18. Bf2 Qg5 19. Ng3 Bd6 20. Nce2 Bb4 21. Rf1
Nxg3+ 22. Nxg3 Nf8 23. e4 dxe4 24. fxe4 Rad8 25. Qb3 Qe7 26. e5 Rd5 27. Nf5 Qd7
28. Bg1 Be7 29. Qg3 Ng6 30. h4 Bf8 31. Rde1 c5 32. h5 Ne7 33. Nh6+ 1-0

[Event "October TNT"]
[Site "Winnipeg CAN"]
[Date "2010.10.05"]
[Round "3"]
[White "Melamedoff, Gustavo"]
[Black "Ott, Richard"]
[Result "1-0"]
[WhiteElo "2055"]
[BlackElo "1715"]
[PlyCount "51"]
[EventDate "2010.10.05"]
[EventType "swiss"]
[EventRounds "4"]
[EventCountry "CAN"]

1. Nf3 d5 2. c4 e6 3. g3 Nf6 4. Bg2 Bd6 5. b3 O-O 6. O-O Nc6 7. Bb2 Re8 8. d3
Bf8 9. Nbd2 d4 10. a3 Rb8 11. b4 b5 12. cxb5 Rxb5 13. Rc1 Bd7 14. Nxd4 Nxd4 15.
Bxd4 Qb8 16. Nb3 e5 17. Bc5 Bxc5 18. Nxc5 Bc8 19. Bc6 Rd8 20. Bxb5 Qxb5 21. Qa4
Qb6 22. Ne4 Nd5 23. Rc5 Qg6 24. Rxd5 Rf8 25. Rxe5 Bh3 26. Rc1 1-0

[Event "October TNT"]
[Site "Winnipeg CAN"]
[Date "2010.10.19"]
[Round "3"]
[White "Milord, Frank"]
[Black "Li, Henry"]
[Result "1-0"]
[WhiteElo "1699"]
[BlackElo "1437"]
[PlyCount "139"]
[EventDate "2010.10.05"]
[EventType "swiss"]
[EventRounds "4"]
[EventCountry "CAN"]

1. e4 e6 2. d4 d5 3. e5 c5 4. c3 Nc6 5. Nf3 Qb6 6. a3 f6 7. b4 cxb4 8. cxb4 Bd7
9. Be2 Be7 10. O-O Qc7 11. Bb2 fxe5 12. Nxe5 Bd6 13. f4 Nf6 14. Nd2 O-O 15. Rc1
Qd8 16. Ndf3 Rc8 17. g3 Nh5 18. Ng5 g6 19. Bxh5 gxh5 20. Qxh5 Qe7 21. Kh1 Be8
22. Qg4 Kh8 23. Qxe6 Qxe6 24. Nxe6 Rf6 25. Ng5 Ne7 26. Rxc8 Nxc8 27. Rc1 Ne7
28. Kg2 h6 29. Ngf3 Bh5 30. Nd7 Rf5 31. Nfe5 Ng6 32. Nxg6+ Bxg6 33. Rc8+ Kg7
34. Ne5 Rf6 35. Nxg6 Kxg6 36. Rd8 Be7 37. Rd7 Re6 38. Kf2 b5 39. Rxa7 Re4 40.
Kf3 Kf5 41. g4+ Ke6 42. f5+ Kf6 43. h4 Kf7 44. h5 Ke8 45. Rb7 Bf6 46. Rxb5 Bg5
47. Rxd5 Re7 48. Re5 Bf6 49. Rxe7+ Kxe7 50. Ke4 Kd6 51. Bc1 Bg5 52. Bxg5 hxg5
53. b5 Kc7 54. d5 Kb6 55. a4 Kc5 56. Ke5 Kb6 57. Kd6 Kb7 58. f6 Kb6 59. f7 Ka5
60. f8=Q Kxa4 61. Kc5 Kb3 62. Qf2 Kc3 63. d6 Kd3 64. d7 Ke4 65. Qd4+ Kf3 66.
d8=Q Ke2 67. Qe7+ Kf3 68. Qee3+ Kg2 69. Qdd2+ Kh1 70. Qee1# 1-0

[Event "October TNT"]
[Site "Winnipeg CAN"]
[Date "2010.10.19"]
[Round "3"]
[White "Reimer, Bruce"]
[Black "Kumaragamage, Shashika"]
[Result "1-0"]
[WhiteElo "1582"]
[BlackElo "1414"]
[PlyCount "33"]
[EventDate "2010.10.05"]
[EventType "swiss"]
[EventRounds "4"]
[EventCountry "CAN"]

1. c4 e5 2. g3 c6 3. Bg2 Bc5 4. e3 d5 5. cxd5 cxd5 6. Ne2 Ne7 7. O-O e4 8. d3
f5 9. dxe4 fxe4 10. f3 exf3 11. Rxf3 Nd7 12. Qa4 Qc7 13. b4 Bb6 14. Bb2 Rf8 15.
Nd4 Rxf3 16. Bxf3 Kf8 17. Ne6+ 1-0

[Event "October TNT"]
[Site "Winnipeg CAN"]
[Date "2010.10.05"]
[Round "3"]
[White "Wasserman, Leor"]
[Black "Wolchock, Theo"]
[Result "1-0"]
[WhiteElo "1758"]
[BlackElo "1294"]
[PlyCount "47"]
[EventDate "2010.10.05"]
[EventType "swiss"]
[EventRounds "4"]
[EventCountry "CAN"]

1. e4 c5 2. Nf3 Nc6 3. d4 cxd4 4. Nxd4 g6 5. Bc4 Bg7 6. Be3 Nf6 7. Nc3 O-O 8.
O-O d6 9. h3 a6 10. a4 Bd7 11. f4 Rc8 12. Bb3 e5 13. Nxc6 Bxc6 14. Qf3 Re8 15.
f5 Qe7 16. fxg6 hxg6 17. Bg5 Rf8 18. Bxf6 Qc7 19. Bxg7 Kxg7 20. Qf6+ Kg8 21.
Qxg6+ Kh8 22. Bxf7 Qb6+ 23. Kh1 Qxb2 24. Qh6# 1-0

[Event "October TNT"]
[Site "Winnipeg CAN"]
[Date "2010.10.26"]
[Round "4.4"]
[White "Hassain, Mahmud"]
[Black "Milord, Frank"]
[Result "1-0"]
[WhiteElo "1894"]
[BlackElo "1699"]
[PlyCount "69"]
[EventDate "2010.10.05"]
[EventType "swiss"]
[EventRounds "4"]
[EventCountry "CAN"]

1. e4 d6 2. d4 Nf6 3. f3 g6 4. Bg5 Bg7 5. Qd2 O-O 6. c3 c5 7. d5 Nbd7 8. Nh3
Rb8 9. a4 a6 10. Nf2 Re8 11. Be2 b5 12. O-O b4 13. a5 Ne5 14. cxb4 Rxb4 15. Nc3
Nc4 16. Bxc4 Rxc4 17. Nd3 Nd7 18. Qc2 Bd4+ 19. Kh1 Ne5 20. Nc1 Bd7 21. f4 Ng4
22. Qe2 Rb4 23. N1a2 Rb3 24. Nc1 Rb4 25. Nd3 Rb3 26. e5 Qb8 27. e6 fxe6 28.
Qxg4 Kf7 29. dxe6+ Bxe6 30. f5 Bxf5 31. Rxf5+ gxf5 32. Qxf5+ Kg7 33. Nf4 Bxc3
34. bxc3 e6 35. Nh5+ 1-0

[Event "October op"]
[Site "Grande Prairie CAN"]
[Date "2010.10.16"]
[Round "1"]
[White "Pradzinski, Tim"]
[Black "Miller, David"]
[Result "1/2-1/2"]
[WhiteElo "1975"]
[BlackElo "1833"]
[PlyCount "147"]
[EventDate "2010.10.16"]
[EventType "swiss"]
[EventRounds "3"]
[EventCountry "CAN"]

1. e4 c5 2. Nf3 d6 3. d4 cxd4 4. Nxd4 Nf6 5. Nc3 a6 6. Bg5 e6 7. f4 Be7 8. Qf3
Qc7 9. O-O-O Nbd7 10. Bd3 b5 11. Rhe1 Bb7 12. g4 b4 13. Nce2 O-O-O 14. Ng3 h6
15. Bxf6 Nxf6 16. Qe2 Qb6 17. Nb3 Nd7 18. Kb1 g5 19. f5 Ne5 20. Rc1 Kb8 21.
Red1 Rc8 22. Nd2 Nxd3 23. cxd3 d5 24. e5 Rhd8 25. b3 Qd4 26. h3 Rc3 27. Nf3 Qb6
28. Rxc3 bxc3 29. d4 a5 30. Qc2 Rc8 31. Rd3 Bb4 32. a3 Ba6 33. Re3 Bxa3 34.
Rxc3 Rxc3 35. Qxc3 a4 36. Kc2 Bb4 37. Qe3 axb3+ 38. Qxb3 Bc4 39. Qa4 Qb7 40.
fxe6 fxe6 41. Qe8+ Ka7 42. Qa4+ Ba6 43. Kd1 Qf7 44. Qxb4 Qxf3+ 45. Kc1 Qe3+ 46.
Kb2 Qf2+ 47. Kc1 Qf4+ 48. Kb2 Qf7 49. Qc5+ Ka8 50. Qc6+ Qb7+ 51. Qxb7+ Kxb7 52.
Kc3 Kc6 53. Kb4 Bd3 54. Nh1 Bf1 55. Nf2 Kb6 56. Ka4 Be2 57. Kb4 Bb5 58. Nd1 Be8
59. Nf2 Bg6 60. Ka4 Bf7 61. Kb4 Be8 62. Nd1 h5 63. Nf2 h4 64. Nd1 Bb5 65. Nf2
Be8 66. Nd1 Bg6 67. Nf2 Be4 68. Ka4 Bg2 69. Kb4 Bf1 70. Ka4 Be2 71. Kb4 Bb5 72.
Nd1 Bd3 73. Nf2 Bc2 74. Nh1 1/2-1/2

[Event "October op"]
[Site "Grande Prairie CAN"]
[Date "2010.10.16"]
[Round "3"]
[White "Deimert, Elroy"]
[Black "Miller, David"]
[Result "0-1"]
[WhiteElo "1833"]
[BlackElo "1697"]
[PlyCount "54"]
[EventDate "2010.10.16"]
[EventType "swiss"]
[EventRounds "3"]
[EventCountry "CAN"]

1. e4 c5 2. d4 cxd4 3. c3 dxc3 4. Nxc3 d6 5. Nf3 Nc6 6. Bc4 e6 7. O-O Nf6 8. e5
Nxe5 9. Nxe5 dxe5 10. Qxd8+ Kxd8 11. Bg5 a6 12. Rfd1+ Bd7 13. Bb3 Rc8 14. a3
Be7 15. Be3 Bc5 16. Bg5 h6 17. Bxf6+ gxf6 18. Ne4 Be7 19. Nd6 Bxd6 20. Rxd6 Ke7
21. Rad1 Rhd8 22. Rb6 Bc6 23. Re1 Rd2 24. Ba2 Rcd8 25. f3 Rg8 26. Rxc6 Rgxg2+
27. Kf1 Rdf2# 0-1

[Event "Oktoberfest"]
[Site "Kitchener CAN"]
[Date "2010.10.15"]
[Round "1"]
[White "Bzikot, Robert"]
[Black "Humphreys, Michael"]
[Result "0-1"]
[WhiteElo "2066"]
[BlackElo "2240"]
[PlyCount "82"]
[EventDate "2010.10.15"]
[EventType "swiss"]
[EventRounds "5"]
[EventCountry "CAN"]

1. e4 c5 2. Nc3 g6 3. g3 Bg7 4. Bg2 Nc6 5. d3 d6 6. f4 Rb8 7. a4 Nh6 8. Nf3 O-O
9. O-O a6 10. h3 e6 11. Be3 Nd4 12. Qd2 f5 13. e5 dxe5 14. fxe5 Nf7 15. Bf4
Nxf3+ 16. Rxf3 Nxe5 17. Re3 Nc4 18. Qe2 Nxe3 19. Bxb8 Nxg2 20. Kxg2 e5 21. Qf2
Qb6 22. Nd5 Qxb2 23. Re1 Be6 24. Ne7+ Kh8 25. Bd6 b6 26. Re2 Rd8 27. c4 Qc3 28.
Qf3 e4 29. Qf4 g5 30. Qxg5 Rxd6 31. dxe4 Qf6 32. Qxf6 Bxf6 33. e5 Bxe5 34. Rxe5
Bxc4 35. Nxf5 Re6 36. Rxe6 Bxe6 37. Nd6 Kg7 38. h4 Kf6 39. Kf2 Ke5 40. Nb7 Bd5
41. Nd8 Kd6 0-1

[Event "Oktoberfest"]
[Site "Kitchener CAN"]
[Date "2010.10.15"]
[Round "1"]
[White "Deline, Ralph"]
[Black "Demmery, Steve"]
[Result "1/2-1/2"]
[WhiteElo "1899"]
[BlackElo "2119"]
[PlyCount "72"]
[EventDate "2010.10.15"]
[EventType "swiss"]
[EventRounds "5"]
[EventCountry "CAN"]

1. e4 e5 2. Nf3 Nc6 3. Bc4 Be7 4. c3 Nf6 5. d3 d6 6. Bb3 O-O 7. O-O Bg4 8. h3
Bd7 9. Be3 Nh5 10. Nxe5 Nxe5 11. d4 Nf6 12. dxe5 Nxe4 13. Bd5 Bc6 14. Bxc6 bxc6
15. Qa4 f5 16. exf6 Nxf6 17. Qxc6 Kh8 18. Nd2 Qd7 19. Qxd7 Nxd7 20. Nf3 Bf6 21.
Rac1 Rfb8 22. b3 a5 23. Rfe1 Kg8 24. Bd4 Kf7 25. Re2 Re8 26. Rce1 Rxe2 27. Rxe2
Nf8 28. b4 axb4 29. cxb4 Ne6 30. Bxf6 Kxf6 31. Kf1 Ra4 32. Rb2 Nf4 33. Ne1 Ke6
34. b5 Nd5 35. Nc2 Nc3 36. a3 Nd5 1/2-1/2

[Event "Oktoberfest"]
[Site "Kitchener CAN"]
[Date "2010.10.15"]
[Round "1"]
[White "Grigorescu, Laurentiu"]
[Black "Zoccano, John"]
[Result "1-0"]
[WhiteElo "2076"]
[BlackElo "1915"]
[PlyCount "87"]
[EventDate "2010.10.15"]
[EventType "swiss"]
[EventRounds "5"]
[EventCountry "CAN"]

1. d4 d5 2. c4 c6 3. Nf3 Nf6 4. Qb3 e6 5. Bf4 Bd6 6. Bxd6 Qxd6 7. Nc3 Nbd7 8.
cxd5 exd5 9. e3 O-O 10. Bd3 Re8 11. Qc2 h6 12. O-O Nf8 13. Ne5 Be6 14. Ne2 N6d7
15. Nxd7 Nxd7 16. Ng3 Nf6 17. Rac1 Rad8 18. Qa4 a6 19. b4 Ra8 20. Qb3 Qd7 21.
f3 h5 22. Qc2 h4 23. Nh1 Qd6 24. Qc5 Rad8 25. a4 Bc8 26. Qxd6 Rxd6 27. Rfe1
Rde6 28. Kf2 R6e7 29. Rc3 Bd7 30. a5 g5 31. Bc2 Kg7 32. Ke2 Nh5 33. Kd2 Nf4 34.
Rg1 Nh5 35. Nf2 Nf6 36. g4 Nh7 37. e4 Be6 38. e5 Bc8 39. Nh3 Kh6 40. Bxh7 Kxh7
41. Nxg5+ Kh6 42. f4 f6 43. Nf3 fxe5 44. Nxh4 1-0

[Event "Oktoberfest"]
[Site "Kitchener CAN"]
[Date "2010.10.16"]
[Round "2"]
[White "Bzikot, Robert"]
[Black "Zoccano, John"]
[Result "1/2-1/2"]
[WhiteElo "2066"]
[BlackElo "1915"]
[PlyCount "65"]
[EventDate "2010.10.15"]
[EventType "swiss"]
[EventRounds "5"]
[EventCountry "CAN"]

1. Nf3 f5 2. d4 Nf6 3. g3 g6 4. Bg2 Bg7 5. O-O O-O 6. c3 d6 7. Qb3+ Kh8 8. Ng5
d5 9. f4 c6 10. Nd2 h6 11. Ngf3 Nbd7 12. Ne5 Nxe5 13. dxe5 Nd7 14. Nf3 Nc5 15.
Qb4 Qb6 16. Qxb6 axb6 17. a3 Nb3 18. Rb1 e6 19. Nd4 Na5 20. Re1 Bd7 21. Bf1
Rfd8 22. e3 c5 23. Nb5 Bxb5 24. Bxb5 Nc6 25. Rd1 Bf8 26. Bd2 Be7 27. Be1 Kg7
28. Bf2 Kf7 29. Kg2 Na5 30. Kf1 c4 31. Ba4 Nc6 32. Bxc6 bxc6 33. Ke2 1/2-1/2

[Event "Oktoberfest"]
[Site "Kitchener CAN"]
[Date "2010.10.16"]
[Round "2"]
[White "Demmery, Steve"]
[Black "Drkulec, Vladimir"]
[Result "1/2-1/2"]
[WhiteElo "2119"]
[BlackElo "2236"]
[PlyCount "53"]
[EventDate "2010.10.15"]
[EventType "swiss"]
[EventRounds "5"]
[EventCountry "CAN"]

1. d4 Nf6 2. c4 g6 3. Nc3 d5 4. Bf4 Bg7 5. e3 O-O 6. cxd5 Nxd5 7. Nxd5 Qxd5 8.
Bxc7 Na6 9. Bxa6 Qxg2 10. Qf3 Qxf3 11. Nxf3 bxa6 12. Rc1 f6 13. Rg1 Rf7 14. Rc5
Bf8 15. d5 e6 16. d6 Rd7 17. h4 Kf7 18. e4 Bxd6 19. Bxd6 Rxd6 20. e5 Rd5 21.
Rxd5 exd5 22. exf6 Kxf6 23. Kd2 Rb8 24. b3 Rb4 25. Rc1 Bd7 26. Rc7 Rf4 27. Rxd7
1/2-1/2

[Event "Oktoberfest"]
[Site "Kitchener CAN"]
[Date "2010.10.16"]
[Round "2"]
[White "Dougherty, Michael"]
[Black "Grigorescu, Laurentiu"]
[Result "0-1"]
[WhiteElo "2316"]
[BlackElo "2076"]
[PlyCount "86"]
[EventDate "2010.10.15"]
[EventType "swiss"]
[EventRounds "5"]
[EventCountry "CAN"]

1. Nf3 Nf6 2. c4 g6 3. Nc3 Bg7 4. e4 d6 5. d4 Nbd7 6. Be2 e5 7. d5 Nc5 8. Qc2
a5 9. h3 O-O 10. g4 Ne8 11. Bg5 f6 12. Bh4 Bd7 13. Nd2 Qc8 14. f3 Bh6 15. Bf2
Bf4 16. Nf1 Qd8 17. Bd3 Qe7 18. Ke2 Kh8 19. Re1 Nxd3 20. Qxd3 c5 21. dxc6 bxc6
22. Be3 Bxe3 23. Nxe3 Rd8 24. Rd1 Bc8 25. c5 Qa7 26. Kf2 Qxc5 27. Kg2 Nc7 28.
Rc1 Ba6 29. Qd2 Qd4 30. Nb1 c5 31. Nd5 Nxd5 32. exd5 Qxd2+ 33. Nxd2 Bb7 34. Ne4
Bxd5 35. Rhd1 Bxe4 36. fxe4 f5 37. gxf5 gxf5 38. exf5 Rxf5 39. Rc4 Rg8+ 40. Rg4
Rf6 41. Re1 Rxg4+ 42. hxg4 Rf4 43. Kg3 Kg7 0-1

[Event "Oktoberfest"]
[Site "Kitchener CAN"]
[Date "2010.10.16"]
[Round "2"]
[White "Fiedler, Brian"]
[Black "Deline, Ralph"]
[Result "1-0"]
[WhiteElo "2126"]
[BlackElo "1899"]
[PlyCount "85"]
[EventDate "2010.10.15"]
[EventType "swiss"]
[EventRounds "5"]
[EventCountry "CAN"]

1. e4 c5 2. Nc3 a6 3. g3 Nc6 4. Bg2 g6 5. d3 Bg7 6. Bd2 d6 7. Qc1 e6 8. Nge2
Qc7 9. O-O b5 10. Kh1 h5 11. h3 Bb7 12. Nd1 Nge7 13. Ne3 g5 14. f4 g4 15. h4 f5
16. exf5 Nd4 17. Nxd4 cxd4 18. Nd1 Nxf5 19. Kh2 Bxg2 20. Kxg2 O-O 21. Nf2 Rac8
22. Qe1 Qc6+ 23. Kh2 Rfe8 24. Rc1 Rc7 25. Ne4 Qd7 26. Rf2 e5 27. fxe5 dxe5 28.
Bg5 Rf8 29. Qb4 Qe6 30. Rcf1 Rcf7 31. Qc5 Bh6 32. Bxh6 Nxh6 33. Rxf7 Rxf7 34.
Ng5 Qe7 35. Qd5 Kg7 36. Nxf7 Nxf7 37. Rf5 Kg6 38. Qe4 Kh6 39. Rxh5+ Kg7 40.
Qxg4+ Kf8 41. Rh7 Qf6 42. Qc8+ Ke7 43. Rxf7+ 1-0